The International Geography. By Seventy Authors. With 488 Illustrations. Edited by Hugh Robert Mill, D. Sc
Guardat en:
| Autors principals: | , , |
|---|---|
| Format: | Llibre |
| Idioma: | anglès |
| Publicat: |
Londres
George Newnes
1899
|
| Edició: | 1a. ed |
| Matèries: | |
| Etiquetes: |
Afegir etiqueta
Sense etiquetes, Sigues el primer a etiquetar aquest registre!
|
MARC
| LEADER | 00000nam a2200000 a 4500 | ||
|---|---|---|---|
| 001 | UCJ7200 | ||
| 003 | CL-VaPUC | ||
| 008 | 070124e18990000UK |||||||||||||||||eng|d | ||
| 082 | 0 | 4 | |a 911 |b BER |2 21 |
| 100 | 0 | |a Bertrand, Alejandro |e author |9 504548 | |
| 700 | 0 | |a Keltie, J. Scott |e author |9 515325 | |
| 700 | 0 | |a Nielsen, Yngvar |e author |9 515326 | |
| 245 | 1 | 4 | |a The International Geography. By Seventy Authors. With 488 Illustrations. Edited by Hugh Robert Mill, D. Sc |
| 250 | |a 1a. ed | ||
| 300 | |a xx, 1088 p | ||
| 942 | |c BK | ||
| 945 | |d 20070124 00:00:00 |a rinostro | ||
| 260 | |a Londres |b George Newnes |c 1899 | ||
| 500 | |a Mapas, ilustraciones, etc., sin indizar.- Advierte errata | ||
| 600 | 0 | 7 | |a ROJAS CASTILLO, URBANO |2 CL-VaPUC |9 509882 |
| 650 | 0 | |a Cosmografía |9 255932 | |
| 650 | 0 | |a Cartografía |9 266055 | |
| 650 | 0 | |a Oceanografía |9 260014 | |
| 650 | 0 | |a Geología |9 260984 | |
| 650 | 0 | |a Climatología |9 262302 | |
| 650 | 0 | |a Población |9 257577 | |
| 650 | 0 | |a Recursos naturales |9 255232 | |
| 650 | 0 | |a Economía |9 255568 | |
| 650 | 0 | |a Mapas |9 260844 | |
| 650 | 7 | |a PLANOS |2 CL-VaPUC |9 260106 | |
| 650 | 0 | |a Ciudades |9 265474 | |
| 651 | 0 | |a África |9 256790 | |
| 651 | 0 | |a América |9 255182 | |
| 651 | 0 | |a Asia |9 268338 | |
| 651 | 0 | |a Europa |9 255156 | |
| 651 | 7 | |a OCEANIA |2 CL-VaPUC |9 317234 | |
| 583 | |a last modification |c 20070124 00:00:00 |k Rodrigo Vera | ||
| 999 | |c 323296 |d 323294 | ||
| 952 | |0 0 |1 0 |4 0 |6 911_000000000000000_BER_1899 |7 0 |8 X |9 402794 |a FDOBUD |b FDOBUD |d 2019-11-22 |i 105984K |o 911 BER 1899 |p 105984K |r 2019-11-22 |w 2019-11-22 |y BK_X |k BUD | ||